Biggest Cities in Canada A-Z - Statistics

General Stats
  • This quiz has been taken 28 times
  • The average score is 12 of 26
Answer Stats
Letter Population Answer % Correct
O 1.100.000 Ottawa
96%
C 1.300.000 Calgary
92%
E 1.200.000 Edmonton
92%
T 5.700.000 Toronto
92%
V 2.400.000 Vancouver
92%
M 3.700.000 Montreal
88%
Q 730.000 Quebec
88%
W 760.000 Winnipeg
88%
H 750.000 Hamilton
73%
L 430.000 London
65%
R 230.000 Regina
62%
S 270.000 Saskatoon
62%
Y 20.000 Yellowknife
58%
K 520.000 Kitchener
50%
N 110.000 Nanaimo
23%
A 130.000 Abbotsford
19%
B 160.000 Barrie
19%
G 150.000 Guelph
15%
P 85.000 Peterborough
12%
F 70.000 Fort McMurray
8%
J 50.000 Joliette
4%
X 126 Xeni Gwet'in
4%
D 72.000 Drummondsville
0%
I 30.000 Innisfil
0%
U 12.000 Uxbridge
0%
Z 149 Zeballos
0%
No matching quizzes found
Score Distribution
Percent of People with Each Score
Percentile by Number Answered
Your Score History
You have not taken this quiz